000 01169cam a22003254a 4500
001 12685171
003 ARRUPE
005 20160223113957.0
008 020215s2002 maua b 001 0 eng
010 _a 2002022909
020 _a0745619282 (alk. paper)
020 _a0745619290 (pbk : alk. paper)
035 _a(DLC) 2002022909
040 _aDLC
_cDLC
_dDLC
042 _apcc
050 0 0 _aQ175
_b.S5245 2002
082 0 0 _a501
_221
100 1 _aSharrock, W. W.
_q(Wes W.)
_922417
245 1 0 _aKuhn :
_bphilosopher of scientific revolutions /
_cby Wes Sharrock and Rupert Read.
260 _aMalden, MA :
_bBlackwell
_c2002.
300 _ax, 233 p. :
_bill. ;
_c24 cm.
490 1 _aKey contemporary thinkers
504 _aIncludes bibliographical references (p. [225]-228) and index.
600 1 0 _aKuhn, Thomas S.
_93937
650 0 _aScience
_xPhilosophy.
_922418
700 1 _aRead, Rupert J.,
_d1966-
_922419
906 _a7
_bcbc
_corignew
_d1
_eocip
_f20
_gy-gencatlg
942 _2lcc
_cMONOGRAPH
999 _c124212
_d124212